Management of library networks policy analysis, implementation and control
Saved in:
| Main Author: | |
|---|---|
| Other Authors: | |
| Format: | Book |
| Language: | English |
| Published: |
New York
Wiley
1980
|
| Tags: |
No Tags, Be the first to tag this record!
|
MARC
| LEADER | 00000nam a2200000 4500 | ||
|---|---|---|---|
| 001 | c137021 | ||
| 005 | 20041019155308.7 | ||
| 041 | 0 | |a eng | |
| 044 | |a US | ||
| 245 | 1 | 0 | |a Management of library networks |b policy analysis, implementation and control |c William B. Rouse, Sandra H. Rouse |
| 264 | 1 | |a New York |b Wiley |c 1980 | |
| 300 | |a 288 s. | ||
| 100 | 1 | |a Rouse, William B. | |
| 700 | 1 | |a Rouse, Sandra H. | |